000 00860nam0a22002531 4500
001 rc\34020
005 20250620153737.0
010 _a5-7082-0019-7
_9100000
035 _a(NLR Aleph) 005318303
090 _a6460453
_c6460453
100 _a20021216d1992 |||y0rusy50 ca
101 0 _arus
102 _aRU
105 _aa |||||||||
200 1 _aПриключения пчелки Майи
_e[Роман
_eДля детей]
_fВольдемар Бонзельс
_g[Пер. с нем. М.А. Вайсбейн
_gХудож. В. Першков]
210 _aМ.
_cКлюч
_d1992
215 _a76, [2] c.
_cил.
_d21
700 1 _7ca
_8rus
_aБонзельс
_bВ.
_f1880-1952
_gВальдемар
_9231427
_3RU\NLR\AUTH\770231483
801 0 _aRU
_bNLR
_gpsbo
801 1 _aRU
_bELAR
_2rusmarc
852 _aNLR
_j92-4/5844
942 _cBOOK
980 _aNB